[Event "Match"]
[Site "www.echecsemail.com"]
[Date "2019.04.04"]
[Round "1"]
[White "Guidom"]
[Black "Apdash"]
[WhiteElo "2170"]
[BlackElo "2160"]
[Result "0-1"]
[Round "1"]
1.e4 c5
2.Ng1f3 d6
3.c4 Nb8c6
4.Nb1c3 e5
5.d3 Bc8g4
6.Bf1e2 Bf8e7
7.O-O Ng8f6
8.Bc1g5 O-O
9.h3 Bg4xf3
10.Be2xf3 Nc6d4
11.Bg5xf6 Be7xf6
12.Nc3d5 Bf6g5
13.Bf3g4 g6
14.g3 h5
15.Bg4f3 Kg7
16.h4 Bg5e7
17.Bf3g2 f5
18.exf5 Nd4xf5
19.b4 cxb4
20.Nd5xb4 Ra8b8
21.Nb4d5 b5
22.Bg2e4 bxc4
23.dxc4 Rb8b2
24.Be4xf5 Rf8xf5
25.Qd1d3 Qd8f8
26.Nd5e3 Rf5xf2
27.Qd3e4 Be7d8
28.c5 Rb2e2
29.cxd6 Re2xe3
30.Qe4xe3 Rf2xf1
31.Ra1xf1 Bd8b6
32.Qe3xb6 axb6
33.Rf1xf8 Kxf8
34.Kf2 Ke8
35.Ke3 Kd7
36.Ke4 Kxd6
37.a4 Ke6
38.Ke3 Kf5
39.Kf3 e4
40.Ke3 Ke5
41.Ke2 Kd4
42.Kd2 e3
{ resign }
0-1

[Event "Tourn. n10048"]
[Site "www.echecsemail.com"]
[Date "2019.04.04"]
[Round "1"]
[White "Ff333"]
[Black "Francesco"]
[WhiteElo "2020"]
[BlackElo "2050"]
[Result "0-1"]
[Round "1"]
1.e4 e5
2.Bf1c4 Nb8c6
3.Qd1f3 Ng8f6
4.c3 Bf8c5
5.b4 Bc5b6
6.a4 a6
7.Ng1h3 d6
8.a5 Bb6a7
9.b5 axb5
10.Bc4xb5 Bc8d7
11.Bb5c4 Bd7xh3
12.Qf3xh3 Nf6xe4
13.O-O O-O
14.d3 Ne4f6
15.Kh1 Qd8d7
16.Qh3f3 Rf8e8
17.Bc4b5 e4
18.dxe4 Nf6xe4
19.Nb1d2 Ne4xd2
20.Bc1xd2 Re8e7
21.Bd2g5 f6
22.Bg5d2 Ra8e8
23.Bb5xc6 Qd7xc6
24.Qf3xc6 bxc6
25.Ra1b1 Re7e2
26.Bd2e1 Re8b8
27.Rb1a1 Rb8b2
28.Kg1 Rb2a2
29.Ra1xa2 Re2xa2
30.c4 Ra2c2
31.Be1b4 Rc2xc4
32.Rf1b1 Rc4c2
33.Bb4e1 Kf7
34.Rb1b7 Ba7d4
35.Rb7xc7 Kg6
36.Rc7e7 Rc2a2
37.Re7c7 c5
38.Rc7d7 Bd4e5
39.g3 c4
40.Be1b4 c3
41.Rd7c7 c2
42.Bb4d2 d5
43.Kf1 Be5xc7
{ resign }
0-1

[Event "Tourn. n10058"]
[Site "www.echecsemail.com"]
[Date "2019.04.04"]
[Round "1"]
[White "Senitram"]
[Black "Seger"]
[WhiteElo "2590"]
[BlackElo "2760"]
[Result "0-1"]
[Round "1"]
1.Ng1f3 d5
2.d4 Ng8f6
3.Bc1f4 c5
4.Nb1c3 Nb8c6
5.e3 Bc8g4
6.Bf1b5 e6
7.h3 Bg4xf3
8.Qd1xf3 cxd4
9.exd4 Qd8b6
10.Bb5xc6 bxc6
11.Qf3d3 c5
12.O-O cxd4
13.Nc3b5 Ra8c8
14.a4 a6
15.Nb5xd4 Bf8e7
16.Bf4e3 Qb6b7
17.Ra1c1 O-O
18.Qd3b3 Qb7a8
19.c4 h6
 { time }
0-1

[Event "Tourn. n10045"]
[Site "www.echecsemail.com"]
[Date "2019.04.04"]
[Round "1"]
[White "Szustan"]
[Black "Gandalf50"]
[WhiteElo "2540"]
[BlackElo "2240"]
[Result "1/2-1/2"]
[Round "1"]
1.e4 c5
2.c3 b6
3.d4 Bc8b7
4.Bf1d3 Ng8f6
5.Nb1d2 cxd4
6.cxd4 Nb8c6
7.Ng1e2 e5
8.d5 Nc6b4
9.Bd3b1 a5
10.O-O Nb4a6
11.Nd2c4 d6
12.f4 Qd8c7
13.Bb1d3 Na6b4
14.Bc1e3 Nb4xd3
15.Qd1xd3 Bb7a6
16.Rf1c1 Nf6d7
17.Ne2g3 g6
18.Qd3b3 Qc7d8
19.fxe5 Ba6xc4
20.Rc1xc4 dxe5
21.Rc4c6 Bf8c5
22.Be3xc5 Nd7xc5
23.Qb3xb6 Qd8xb6
24.Rc6xb6 Nc5d7
25.Rb6b7 Ke7
26.Ra1c1 Rh8b8
27.Rc1c7 Rb8xb7
28.Rc7xb7 a4
29.a3 Ra8a6
30.Kf2 Ra6b6
31.Rb7xb6 Nd7xb6
32.Ng3e2 Nb6c4
33.Ne2c3 Nc4xb2
34.g4 { draw }
1/2-1/2

[Event "Tourn. n10066"]
[Site "www.echecsemail.com"]
[Date "2019.04.04"]
[Round "1"]
[White "Greghghs"]
[Black "Numanoid"]
[WhiteElo "2510"]
[BlackElo "2720"]
[Result "0-1"]
[Round "1"]
1.d4 e6
2.e4 d5
3.Nb1c3 Bf8b4
4.e5 b6
5.h4 Qd8d7
6.h5 h6
7.Ng1f3 Ng8e7
8.Bc1d2 Bb4xc3
9.Bd2xc3 a5
10.Nf3h4 Bc8a6
11.Bf1xa6 Nb8xa6
12.Rh1h3 c5
13.Rh3g3 Rh8g8
14.Qd1e2 Na6b4
15.Bc3xb4 axb4
16.Qe2d1 Qd7b5
17.Rg3f3 Ne7c6
18.c3 Ke7
19.Qd1c2 b3
{ resign }
0-1

[Event "Tourn. n10091"]
[Site "www.echecsemail.com"]
[Date "2019.04.04"]
[Round "1"]
[White "Malbertan"]
[Black "Johnmcbride"]
[WhiteElo "1950"]
[BlackElo "1950"]
[Result "1-0"]
[Round "1"]
1.e4 e5
2.Ng1f3 Nb8c6
3.Bf1c4 Bf8c5
4.b4 Bc5xb4
5.c3 Bb4c5
6.O-O a6
7.d4 exd4
8.cxd4 b5
9.Bc4xf7 Kxf7
10.dxc5 Kf8
11.Nb1c3 Qd8e7
12.a4 b4
13.Nc3d5 Qe7xc5
14.Nd5xc7 Ra8b8
15.Bc1e3 Qc5e7
16.Ra1c1 Ng8f6
17.Be3c5 { resign }
1-0

[Event "Match"]
[Site "www.echecsemail.com"]
[Date "2019.04.05"]
[Round "1"]
[White "Sociopath"]
[Black "Chessington"]
[WhiteElo "2740"]
[BlackElo "2830"]
[Result "1/2-1/2"]
[Round "1"]
1.e4 e6
2.d4 d5
3.e5 c5
4.c3 Nb8c6
5.Ng1f3 Qd8b6
6.a3 c4
7.Nb1d2 Nc6a5
8.Ra1b1 Bc8d7
9.Bf1e2 Ng8e7
10.O-O Qb6c7
11.Qd1e1 Bd7a4
12.Be2d1 Ba4xd1
13.Qe1xd1 Ne7c6
14.Nf3e1 Bf8e7
15.Ne1c2 h6
16.Qd1f3 b6
17.h4 Rh8f8
18.g3 O-O-O
19.Qf3g4 Rf8g8
20.Nc2b4 Kb7
21.Nd2f3 Rd8f8
22.Kg2 Na5b3
23.Rf1e1 Nb3xc1
24.Re1xc1 Nc6a5
25.Rc1h1 Na5b3
26.Rh1e1 Be7d8
27.Nb4c2 a6
28.Nc2a1 Nb3a5
29.Nf3d2 Ka7
30.Na1c2 Qc7d7
31.Qg4e2 Rf8e8
32.Nc2b4 Qd7b7
33.b3 cxb3
34.Nd2xb3 Na5c4
35.Nb3d2 Nc4xd2
36.Qe2xd2 Bd8e7
37.Qd2e3 a5
38.Nb4c2 Re8b8
39.Rb1b3 Rg8c8
40.Qe3f3 Be7f8
41.Re1b1 Qb7d7
42.Qf3d3 Rb8b7
43.Nc2e3 Qd7c6
44.Kg1 g6
45.Qd3e2 h5
46.Kh2 Bf8e7
47.Ne3d1 Rc8c7
48.Kg2 Qc6a4
49.Qe2f3 Be7f8
50.Qf3e2 Qa4c4
51.Qe2b2 Qc4c6
{ draw }
1/2-1/2

[Event "Tourn. n10072"]
[Site "www.echecsemail.com"]
[Date "2019.04.05"]
[Round "1"]
[White "Picifarkinca"]
[Black "Francesco"]
[WhiteElo "2130"]
[BlackElo "2060"]
[Result "1-0"]
[Round "1"]
1.e4 e5
2.f4 exf4
3.Ng1f3 g5
4.h4 g4
5.Nf3e5 h5
6.Bf1c4 Rh8h7
7.d4 d6
8.Ne5d3 Bf8e7
9.Bc1xf4 Be7xh4
10.g3 Bh4g5
11.Qd1d2 Bg5xf4
12.Qd2xf4 Qd8f6
13.Nb1c3 Qf6xf4
14.Nd3xf4 Ng8f6
15.O-O-O Nb8c6
16.Nc3d5 Nf6xd5
17.Nf4xd5 Kd7
18.Nd5f6 Ke7
19.Nf6xh7 Bc8d7
20.Rh1xh5 Ra8h8
21.c3 Nc6a5
22.Bc4d3 Na5c6
23.Rd1h1 Bd7e8
24.Nh7g5 Rh8xh5
25.Rh1xh5 f6
26.Rh5h7 Kd8
27.Ng5e6 Kc8
28.Rh7xc7 Kb8
29.Rc7g7 { resign }
1-0

[Event "Match"]
[Site "www.echecsemail.com"]
[Date "2019.04.05"]
[Round "1"]
[White "Carsontwhite"]
[Black "Logout"]
[WhiteElo "1599"]
[BlackElo "2080"]
[Result "0-1"]
[Round "1"]
1.d4 g6
2.e4 b6
3.c4 Bc8b7
4.Bc1e3 Bb7xe4
5.Nb1a3 Bf8g7
6.Qd1e2 Be4b7
7.O-O-O Ng8f6
8.Ng1h3 O-O
9.Be3g5 d6
10.d5 c6
11.b4 c5
12.bxc5 bxc5
13.Nh3f4 Nb8d7
14.Na3b5 a6
15.a4 axb5
16.g4 bxa4
17.Bf1h3 a3
18.Kb1 a2
19.Kc1 a1Q
20.Kd2 Ra8a2
21.Ke1 Qa1c3
22.Rd1d2 Ra2a1
23.Qe2d1 Qd8a5
24.Kf1 Qc3xd2
25.Qd1e1 Qd2xe1
26.Kg2 Qe1xh1
27.Kg3 Qa5e1
 { time }
0-1

[Event "Match"]
[Site "www.echecsemail.com"]
[Date "2019.04.05"]
[Round "1"]
[White "Jaguar91"]
[Black "Micheles"]
[WhiteElo "2120"]
[BlackElo "2490"]
[Result "0-1"]
[Round "1"]
1.e4 c6
2.d4 d5
3.e5 Bc8f5
4.g4 Bf5g6
5.Nb1c3 e6
6.h4 h5
7.g5 Nb8d7
8.Ng1e2 c5
9.Ne2f4 Bg6f5
10.Nf4xh5 cxd4
11.Nc3b5 Nd7xe5
12.Nb5xd4 Ng8e7
13.Bc1f4 Ne5c6
14.Bf1b5 Qd8b6
15.Bf4e3 Qb6a5
16.c3 O-O-O
17.Nh5f6 Nc6xd4
18.Qd1xd4 Qa5xb5
19.Qd4xa7 Ne7c6
20.a4 Qb5xb2
21.Qa7a8 Kc7
22.Nf6xd5 Rd8xd5
23.O-O Qb2e2
24.Be3f4 e5
25.Qa8e8 Qe2g4
26.Bf4g3 Rd5d3
27.Qe8xf7 Kb8
28.Rf1b1 Rd3xg3
29.fxg3 Qg4xg3
30.Kf1 Bf5d3
{ resign }
0-1

[Event "Match"]
[Site "www.echecsemail.com"]
[Date "2019.04.05"]
[Round "1"]
[White "Yudoka"]
[Black "Eeze"]
[WhiteElo "1959"]
[BlackElo "1930"]
[Result "1-0"]
[Round "1"]
1.d4 d5
2.c4 b6
3.cxd5 Qd8xd5
4.Nb1c3 Qd5d8
5.e4 Bc8b7
6.Ng1f3 h6
7.Bf1c4 c6
8.Bc4xf7 Kxf7
9.Nf3e5 Ke6
10.Qd1g4 Kf6
11.Qg4g6 
1-0

[Event "Match"]
[Site "www.echecsemail.com"]
[Date "2019.04.05"]
[Round "1"]
[White "Gambitmiau"]
[Black "Sonny1000"]
[WhiteElo "1890"]
[BlackElo "1570"]
[Result "1-0"]
[Round "1"]
1.e4 e5
2.d4 Nb8c6
3.d5 Nc6d4
4.c3 c5
5.cxd4 exd4
6.Qd1f3 Qd8h4
7.Bf1c4 d6
8.Qf3d3 Qh4g4
9.Qd3f3 Qg4xf3
10.Ng1xf3 f6
11.h3 a6
12.a3 h6
13.Bc1d2 b5
14.Bc4a2 d3
15.O-O Ng8e7
16.b3 Ra8b8
17.Nf3e1 b4
18.axb4 cxb4
19.Ne1xd3 a5
20.Bd2f4 Rb8b6
21.Nb1d2 Ne7f5
22.Ra1c1 Kd8
23.Rc1c6 Rb6b5
24.Rf1c1 Nf5e7
25.Rc6xd6 Bc8d7
26.Nd3c5 Ne7c8
27.Nc5xd7 Nc8xd6
28.Nd7xf8 Rh8xf8
29.Bf4xd6 Rf8e8
30.Ba2b1 Kd7
31.Bb1d3 Rb5b6
32.Bd6c5 Rb6b8
33.Bc5a7 Rb8a8
34.Bd3b5 Kd6
35.Ba7c5 Ke5
36.g3 Re8b8
37.Bb5d3 Rb8c8
38.Nd2c4 { resign }
1-0

[Event "Match"]
[Site "www.echecsemail.com"]
[Date "2019.04.05"]
[Round "1"]
[White "Micheles"]
[Black "Storzman"]
[WhiteElo "2480"]
[BlackElo "2120"]
[Result "1-0"]
[Round "1"]
1.d4 g6
2.Ng1f3 Bf8g7
3.c3 d6
4.e4 Ng8f6
5.Bf1d3 c5
6.O-O O-O
7.dxc5 dxc5
8.Qd1e2 Nb8c6
9.h3 Qd8c7
10.Rf1e1 e5
11.Bc1e3 b6
12.Nb1a3 a6
13.Bd3c2 Bc8b7
14.Na3c4 b5
15.Nc4d2 Nf6d7
16.Nd2b3 c4
17.Nb3c5 Nd7xc5
18.Be3xc5 Rf8e8
19.Ra1d1 Ra8d8
20.Qe2e3 Rd8xd1
21.Re1xd1 Re8d8
22.Rd1d5 Rd8xd5
23.exd5 Nc6d8
24.d6 Qc7c6
25.Bc5b4 Nd8e6
26.Qe3d2 Qc6d7
27.Qd2e3 f6
28.Bc2e4 Bb7xe4
29.Qe3xe4 Bg7f8
30.Qe4a8 a5
31.Qa8xa5 Qd7c6
32.Kh1 g5
33.Kg1 h6
34.Bb4a3 Ne6d8
35.Qa5xd8 { resign }
1-0

[Event "Match"]
[Site "www.echecsemail.com"]
[Date "2019.04.05"]
[Round "1"]
[White "Geodad5"]
[Black "Jovaras"]
[WhiteElo "2150"]
[BlackElo "2110"]
[Result "1-0"]
[Round "1"]
1.e4 c5
2.Ng1f3 d6
3.d4 cxd4
4.Nf3xd4 Ng8f6
5.Nb1c3 a6
6.Bf1d3 e5
7.Nd4b3 Bf8e7
8.O-O O-O
9.h3 Bc8e6
10.Bc1e3 Nb8c6
11.Qd1e2 Ra8c8
12.Nb3d2 b5
13.Nd2f3 d5
14.exd5 Nf6xd5
15.Nc3xd5 Be6xd5
16.Nf3d2 Rf8e8
17.c3 Be7d6
18.Nd2e4 Bd6c7
19.Ne4c5 Qd8h4
20.Nc5xa6 e4
21.Bd3xb5 Nc6e5
22.Bb5xe8 { resign }
1-0

[Event "Tourn. n10102"]
[Site "www.echecsemail.com"]
[Date "2019.04.05"]
[Round "1"]
[White "Bojan"]
[Black "Apdash"]
[WhiteElo "2010"]
[BlackElo "2200"]
[Result "0-1"]
[Round "1"]
1.e4 e6
2.d4 d5
3.exd5 exd5
4.a3 c5
5.Nb1c3 Nb8c6
6.dxc5 Bf8xc5
7.Qd1xd5 Qd8b6
8.Nc3e4 Bc5e7
9.Ne4d6 Be7xd6
10.Qd5xd6 Ng8e7
11.Bf1d3 Bc8e6
12.Ng1f3 Ra8d8
13.Qd6g3 Ne7g6
14.O-O O-O
15.b4 Nc6d4
16.Bc1e3 Nd4xf3
17.Qg3xf3 Qb6c6
18.Qf3g3 b6
19.a4 Be6c4
20.Rf1d1 Bc4xd3
21.cxd3 Qc6c3
22.Be3d2 Qc3xd3
23.Bd2e1 Qd3xd1
24.Ra1xd1 Rd8xd1
25.Qg3e3 Rf8c8
26.Kf1 Rc8c1
27.g3 Rd1xe1
{ resign }
0-1

[Event "Tourn. n10085"]
[Site "www.echecsemail.com"]
[Date "2019.04.06"]
[Round "1"]
[White "Claudia"]
[Black "Andychesston"]
[WhiteElo "1850"]
[BlackElo "1990"]
[Result "1-0"]
[Round "1"]
1.d4 d5
2.c4 Ng8f6
3.cxd5 Nf6xd5
4.e4 Nb8c6
5.exd5 Qd8xd5
6.Ng1f3 Bc8g4
7.Bf1e2 e6
8.Nb1c3 Qd5h5
9.O-O Bf8d6
10.Nf3e5 Nc6xe5
11.dxe5 Bd6xe5
12.g3 f5
13.Be2xg4 fxg4
14.Qd1b3 O-O
15.Qb3xe6 Kh8
16.Bc1e3 Ra8e8
17.Qe6d5 c6
18.Qd5d7 b6
19.Qd7xc6 Rf8f6
20.Qc6g2 Rf6e6
21.Rf1d1 Be5f6
22.Nc3d5 Bf6g5
23.Be3xg5 Qh5xg5
24.Nd5c7 Qg5e7
25.Nc7xe6 Qe7xe6
26.Qg2d5 Qe6f6
27.Rd1d2 Re8g8
28.Ra1d1 a5
29.Qd5xg8 Kxg8
30.Rd2d8 Kf7
31.Rd1d7 Ke6
32.Rd7d6 Ke5
33.Rd6xf6 gxf6
34.Rd8b8 { resign }
1-0

[Event "Match"]
[Site "www.echecsemail.com"]
[Date "2019.04.06"]
[Round "1"]
[White "Emmanuel69"]
[Black "Yudoka"]
[WhiteElo "2030"]
[BlackElo "1809"]
[Result "0-1"]
[Round "1"]
1.c4 Ng8f6
2.d4 e6
3.a3 d5
4.e3 b6
5.Ng1f3 Bc8b7
6.Nb1c3 Nb8d7
7.cxd5 exd5
8.Bf1e2 Bf8d6
9.O-O a6
10.h3 Qd8e7
11.Rf1e1 O-O
12.Be2f1 Ra8e8
13.g3 Nf6e4
14.Bf1g2 f5
15.Nc3e2 g5
16.Nf3h2 h5
17.f4 h4
18.gxh4 gxf4
19.exf4 Qe7xh4
20.Re1f1 Kh8
21.Qd1e1 Qh4h6
22.Qe1d1 Rf8g8
23.Kh1 Rg8g6
24.Bg2xe4 dxe4
25.Ne2g1 e3
26.Nh2f3 Rg6xg1
27.Kxg1 Re8g8
28.Kh1 Qh6xh3

0-1

[Event "Match"]
[Site "www.echecsemail.com"]
[Date "2019.04.06"]
[Round "1"]
[White "Coraza"]
[Black "Ditto"]
[WhiteElo "1730"]
[BlackElo "1700"]
[Result "0-1"]
[Round "1"]
1.c4 Ng8f6
2.d4 d5
3.c5 c6
4.Bc1f4 Bc8f5
5.Nb1c3 Nb8d7
6.Qd1b3 b6
7.Bf4g5 bxc5
8.Bg5xf6 c4
9.Qb3d1 Nd7xf6
10.Ng1f3 e6
11.Nf3e5 Qd8c7
12.Qd1a4 Bf8d6
13.Ne5xc6 O-O
14.g3 Qc7b6
15.b4 a6
16.b5 axb5
17.Qa4xb5 Qb6xb5
18.Nc3xb5 Bd6a3
19.Bf1g2 Rf8c8
20.Nc6e5 Ba3b4
21.Kf1 c3
22.Ra1c1 Ra8xa2
23.Bg2f3 c2
24.Kg2 Bb4d2
25.Rc1a1 Ra2xa1
26.Rh1xa1 c1Q
27.Ra1xc1 Rc8xc1
28.g4 Bf5c2
29.e3 h6
30.h4 Bc2e4
31.Nb5d6 Be4xf3
32.Kxf3 Bd2e1
33.Ne5d3 Rc1a1
34.Nd3e5 Be1b4
35.Nd6xf7 Ra1a2
36.Nf7d8 Bb4e1
37.Ne5d3 Be1a5
38.Nd8xe6 Nf6e4
39.Kf4 Ne4xf2
40.Nd3c1 Ra2c2
41.Nc1d3 Nf2xd3
42.Kg3 Ba5e1
43.Kh3 Rc2e2
44.h5 Re2xe3
45.Kg2 Re3xe6
{ resign }
0-1

[Event "Match"]
[Site "www.echecsemail.com"]
[Date "2019.04.06"]
[Round "1"]
[White "Jovaras"]
[Black "Guidom"]
[WhiteElo "2140"]
[BlackElo "2130"]
[Result "0-1"]
[Round "1"]
1.e4 e5
2.Ng1f3 Nb8c6
3.Bf1b5 a6
4.Bb5a4 Ng8f6
5.O-O d6
6.c3 Bc8g4
7.d3 Bf8e7
8.Nb1d2 O-O
9.Rf1e1 h6
10.h3 Bg4h5
11.Qd1c2 b5
12.Ba4b3 Nc6a5
13.g4 Bh5g6
14.Nd2f1 Na5xb3
15.Qc2xb3 c5
16.Nf1g3 Kh7
17.Ng3f5 Bg6xf5
18.exf5 Qd8c7
19.Bc1e3 d5
20.Qb3c2 d4
21.Be3d2 Be7d6
22.Kg2 Rf8e8
23.Qc2c1 Ra8d8
24.g5 hxg5
25.Bd2xg5 Qc7c6
26.Bg5xf6 gxf6
27.Re1e4 Re8g8
28.Kh2 Rg8g7
29.Re4h4 Kg8
30.Qc1h6 Kf8
31.Nf3d2 e4
32.Kh1 exd3
33.f3 dxc3
34.bxc3 Bd6e5
35.Ra1g1 Ke7
36.Qh6xg7 Be5xc3
37.Nd2e4 d2
38.Ne4xd2 Rd8xd2
39.Rh4e4 Bc3e5
40.Rg1e1 Kd6
41.Qg7xf7 Qc6d7
42.Qf7e6 Qd7xe6
43.fxe6 Ke7
44.Re4g4 Rd2h2
45.Kg1 Rh2xh3
46.Rg4g7 Ke8
47.e7 Rh3xf3
48.Kg2 Rf3a3
49.Re1h1 Ra3xa2
50.Kf3 Ra2h2
51.Rh1d1 Be5d4
52.Rd1e1 Bd4e5
53.Ke4 Be5c3
54.Re1c1 f5
55.Kxf5 Bc3xg7
56.Rc1e1 Bg7d4
57.Ke6 Rh2h6
58.Kd5 b4
{ resign }
0-1

[Event "Tourn. n10070"]
[Site "www.echecsemail.com"]
[Date "2019.04.07"]
[Round "1"]
[White "Cemaah"]
[Black "Tarasch"]
[WhiteElo "2470"]
[BlackElo "2260"]
[Result "0-1"]
[Round "1"]
1.e4 c5
2.Ng1f3 d6
3.d4 cxd4
4.Nf3xd4 Ng8f6
5.Nb1c3 a6
6.f3 e6
7.Bc1e3 b5
8.Qd1d2 Bf8e7
9.O-O-O Qd8c7
10.g4 Bc8b7
11.Kb1 Nb8c6
12.Bf1e2 Nc6a5
13.h4 Na5c4
14.Be2xc4 Qc7xc4
15.g5 Nf6d7
16.Qd2d3 Qc4xd3
17.cxd3 b4
18.Nc3e2 d5
19.Rd1c1 Nd7e5
20.Rc1c7 Ra8b8
21.Nd4f5 exf5
22.Be3a7 Rb8d8
23.Rc7xb7 dxe4
24.dxe4 fxe4
25.fxe4 Be7d6
26.Ne2d4 { time. }
0-1

[Event "Match"]
[Site "www.echecsemail.com"]
[Date "2019.04.07"]
[Round "1"]
[White "Liencam2"]
[Black "Cathar"]
[WhiteElo "2340"]
[BlackElo "2180"]
[Result "0-1"]
[Round "1"]
1.e4 e5
2.Ng1f3 Nb8c6
3.d4 exd4
4.c3 d5
5.exd5 Qd8xd5
6.cxd4 Bc8g4
7.Bf1e2 Ng8f6
8.Nb1c3 Bf8b4
9.O-O Bb4xc3
10.bxc3 O-O-O
11.Qd1b3 Qd5xb3
12.axb3 Kb8
13.h3 Bg4h5
14.g4 Bh5g6
15.Bc1e3 Nf6d5
16.Be3d2 Rh8e8
17.Be2b5 Nd5e7
18.Nf3e5 Nc6xe5
19.Bb5xe8 Ne5f3
20.Kg2 Nf3xd2
21.Rf1d1 Nd2xb3
22.Ra1a3 Rd8xe8
23.Ra3xb3 Bg6c2
24.Rd1b1 Bc2xb3
{ resign }
0-1

[Event "Match"]
[Site "www.echecsemail.com"]
[Date "2019.04.07"]
[Round "1"]
[White "Micheles"]
[Black "Bigrezi"]
[WhiteElo "2500"]
[BlackElo "2280"]
[Result "1-0"]
[Round "1"]
1.d4 Ng8f6
2.Ng1f3 e6
3.Bc1g5 c5
4.e3 d5
5.c3 cxd4
6.exd4 a6
7.Bf1d3 Bf8e7
8.Nb1d2 Nb8c6
9.O-O O-O
10.Rf1e1 Qd8c7
11.Nf3e5 Nc6xe5
12.dxe5 Nf6e8
13.Nd2f3 Be7xg5
14.Nf3xg5 h6
15.Ng5h7 Qc7e7
16.Nh7xf8 Kxf8
17.Qd1b3 b5
18.a4 Ra8b8
19.axb5 axb5
20.Ra1a5 b4
21.Ra5a4 Qe7c7
22.Ra4xb4 Rb8xb4
23.Qb3xb4 Kg8
24.Bd3b5 Bc8d7
25.Bb5xd7 Qc7xd7
26.Re1a1 f5
27.Qb4b6 Ne8c7
28.Ra1a7 { resign }
1-0

[Event "Tourn. n10025"]
[Site "www.echecsemail.com"]
[Date "2019.04.07"]
[Round "1"]
[White "Cal"]
[Black "Passaroa25"]
[WhiteElo "1880"]
[BlackElo "1730"]
[Result "0-1"]
[Round "1"]
1.c4 Ng8f6
2.Nb1c3 Nb8c6
3.e3 e5
4.a3 d6
5.h3 Bc8d7
6.Ng1f3 Bf8e7
7.d3 O-O
8.b4 a6
9.Bf1e2 h6
10.e4 g5
11.Bc1e3 Nf6h7
12.O-O Be7f6
13.Nc3d5 b6
14.Nd5c3 Bd7e6
15.Qd1c2 Kg7
16.Nf3h2 Nc6d4
17.Be3xd4 exd4
18.Nc3d1 Bf6e5
19.Be2g4 Nh7f6
20.Bg4xe6 fxe6
21.f3 Nf6h5
22.Nd1f2 Nh5g3
23.Nf2g4 Ng3xf1
24.Nh2xf1 c5
25.bxc5 bxc5
26.Ra1b1 Qd8c7
27.h4 Be5f4
28.g3 Bf4e5
29.hxg5 hxg5
30.a4 Rf8xf3
31.Kg2 Rf3f7
32.Nf1h2 Ra8b8
33.Nh2f3 Be5f6
34.Rb1h1 Rb8h8
35.Nf3h2 Rh8h6
36.Rh1f1 Rh6g6
37.Rf1f3 Qc7e7
38.e5 dxe5
39.a5 Qe7d6
40.Ng4f2 Qd6c6
41.Nf2g4 Qc6d6
42.Qc2e2 Qd6c7
43.Qe2e4 Qc7xa5
44.Ng4xe5 Bf6xe5
45.Qe4xe5 Rf7f6
46.Rf3f2 Qa5d8
47.Nh2g4 Qd8f8
48.Qe5c7 Qf8f7
49.Qc7xc5 Rf6xf2
50.Ng4xf2 e5
51.Qc5xe5 Kh7
52.Nf2g4 Qf7b7
53.Kh3 Qb7h1
54.Ng4h2 g4
55.Kh4 Qh1xh2

0-1

[Event "Tourn. n10080"]
[Site "www.echecsemail.com"]
[Date "2019.04.07"]
[Round "1"]
[White "Francesco"]
[Black "Picifarkinca"]
[WhiteElo "2060"]
[BlackElo "2130"]
[Result "1-0"]
[Round "1"]
1.e4 e5
2.Ng1f3 Nb8c6
3.Bf1b5 a6
4.Bb5a4 Ng8f6
5.O-O Bf8e7
6.Rf1e1 b5
7.Ba4b3 O-O
8.d4 d6
9.d5 Nc6a5
10.c3 Na5xb3
11.Qd1xb3 Bc8b7
12.c4 Qd8d7
13.cxb5 axb5
14.Nb1c3 c6
15.dxc6 Bb7xc6
16.Bc1g5 Rf8b8
17.Nc3d5 Bc6xd5
18.exd5 Kf8
19.Ra1c1 Qd7a7
20.a3 Qa7b7
21.Rc1c6 Rb8c8
22.Re1c1 Nf6e8
23.Bg5xe7 Kxe7
24.Nf3h4 g6
25.Nh4f3 { resign }
1-0

[Event "Tourn. n10058"]
[Site "www.echecsemail.com"]
[Date "2019.04.07"]
[Round "1"]
[White "Numanoid"]
[Black "Senitram"]
[WhiteElo "2700"]
[BlackElo "2590"]
[Result "1-0"]
[Round "1"]
1.d4 Ng8f6
2.Bc1g5 Nf6e4
3.Bg5f4 c5
4.f3 Qd8a5
5.c3 Ne4f6
6.d5 Qa5b6
7.Bf4c1 e6
8.e4 d6
9.c4 h6
10.Nb1c3 Bf8e7
11.Bf1d3 O-O
12.Ng1e2 Nb8d7
13.f4 e5
14.f5 a6
15.a4 Nf6h7
16.O-O Be7g5
17.Bc1xg5 Nh7xg5
18.a5 Qb6c7
19.Qd1e1 Ng5h7
20.g4 b6
21.axb6 Qc7xb6
22.Qe1g3 Ra8b8
23.Kh1  { time }
1-0

[Event "Tourn. n10067"]
[Site "www.echecsemail.com"]
[Date "2019.04.07"]
[Round "1"]
[White "Malbertan"]
[Black "Odin"]
[WhiteElo "1990"]
[BlackElo "1910"]
[Result "1-0"]
[Round "1"]
1.e4 e5
2.Ng1f3 Nb8c6
3.Bf1c4 d6
4.d4 exd4
5.Nf3xd4 Ng8f6
6.Nd4xc6 bxc6
7.e5 Nf6e4
8.Qd1f3 d5
9.Bc4b3 Bc8a6
10.Nb1d2 Bf8b4
11.c3 Bb4c5
12.Nd2xe4 Bc5e7
13.Ne4g3 O-O
14.Bc1e3 Rf8e8
15.O-O-O Ba6c8
16.Ng3e4 Bc8b7
17.Ne4c5 Ra8b8
18.Nc5xb7 Rb8xb7
19.c4 Be7g5
20.cxd5 cxd5
21.Bb3xd5 Bg5xe3
22.fxe3 Qd8e7
23.Bd5xb7 Qe7xe5
24.Rd1d5 Qe5e7
25.Rh1d1 h6
26.Rd5d7 Qe7c5
27.Kb1 Re8f8
28.Rd1c1 Qc5b4
29.Rd7xf7 Rf8xf7
30.Bb7d5 Qb4f8
31.Qf3xf7 Qf8xf7
32.Bd5xf7 Kxf7
33.Rc1xc7 { resign }
1-0

[Event "Match"]
[Site "www.echecsemail.com"]
[Date "2019.04.07"]
[Round "1"]
[White "Chapi"]
[Black "Tbsundar"]
[WhiteElo "2080"]
[BlackElo "2160"]
[Result "0-1"]
[Round "1"]
1.d4 d5
2.c4 c6
3.Nb1c3 e6
4.Ng1f3 Ng8f6
5.Bc1g5 h6
6.Bg5h4 Nb8d7
7.e4 dxe4
8.Nc3xe4 Qd8a5
9.Ne4d2 Nf6e4
10.Bf1d3 f5
11.O-O Ne4xd2
12.Nf3xd2 Kf7
13.Rf1e1 Nd7f6
14.Nd2f3 g5
15.Nf3xg5 hxg5
16.Bh4xg5 Nf6g4
17.h3 Qa5c7
18.hxg4 Qc7h2
19.Kf1 Bf8b4
20.Bg5d2 Bb4xd2
21.Qd1xd2 Bc8d7
22.Ke2 Qh2xg2
23.Re1g1 Qg2h3
24.Qd2e3 Qh3xe3
25.fxe3 Rh8h2
26.Kf3 Ra8h8
27.gxf5 exf5
28.Rg1g2 Rh8h3
29.Kf2 Rh2xg2
30.Kxg2 Rh3xe3
31.Ra1d1 f4
32.Kf2 Re3h3
33.Kg1 Kf6
34.Bd3f1 Rh3g3
35.Kf2 Kg5
36.Bf1g2 Bd7g4
37.Rd1g1 Rg3d3
38.Rg1e1 Rd3d2
39.Kf1 f3
{ resign }
0-1

[Event "Tourn. n10106"]
[Site "www.echecsemail.com"]
[Date "2019.04.07"]
[Round "1"]
[White "Bojan"]
[Black "Picifarkinca"]
[WhiteElo "2060"]
[BlackElo "2020"]
[Result "1-0"]
[Round "1"]
1.d4 Ng8f6
2.Ng1f3 d5
3.h3 Nb8d7
4.Qd1d3 Nf6e4
5.Nb1c3 Nd7f6
6.Nf3e5 Bc8f5
7.Qd3b5 Nf6d7
8.Nc3xe4 dxe4
9.Ne5xd7 Bf5xd7
10.Qb5xb7 Bd7c6
11.Qb7xc6 { resign }
1-0

[Event "1/64 Finale"]
[Site "www.chess-mail.com"]
[Date "2019.04.07"]
[Round "1"]
[White "Eugenius"]
[Black "Traub"]
[WhiteElo "1729"]
[BlackElo "1630"]
[Result "1-0"]
[Round "1"]
1.d4 Ng8f6
2.c4 d5
3.cxd5 Nf6xd5
4.e4 Nd5b6
5.Nb1c3 e6
6.Bc1e3 Bf8e7
7.Ng1f3 c6
8.Bf1d3 O-O
9.O-O Nb8d7
10.Ra1c1 Qd8c7
11.a4 a5
12.Qd1c2 Nd7f6
13.e5 Nf6d5
14.Bd3xh7 Kh8
15.Bh7e4 Nd5xe3
16.fxe3 f5
17.Be4d3 g5
18.h3 Rf8g8
19.g4 Nb6d5
20.Nc3xd5 exd5
21.Bd3xf5 Bc8d7
22.e6 Bd7c8
23.Nf3e5 Be7d6
24.Ne5f7 Kg7
25.Bf5h7 Bd6h2
26.Kh1 Kf8
27.Bh7xg8 Kxg8
28.Qc2g6 Kf8
29.Nf7xg5 Ke7
30.Rf1f7 { time. }
1-0

[Event "Tourn. n10083"]
[Site "www.echecsemail.com"]
[Date "2019.04.08"]
[Round "1"]
[White "Claudia"]
[Black "Fabos12"]
[WhiteElo "1850"]
[BlackElo "1910"]
[Result "1-0"]
[Round "1"]
1.d4 d5
2.c4 Nb8c6
3.Nb1c3 e6
4.Ng1f3 Bf8b4
5.Bc1d2 Ng8e7
6.e3 O-O
7.Bf1d3 a6
8.O-O Bb4xc3
9.Bd2xc3 Ra8b8
10.Bd3xh7 Kxh7
11.Nf3g5 Kg6
12.Qd1g4 e5
13.Ng5e6 Kf6
14.dxe5 Nc6xe5
15.Bc3xe5 Kxe5
16.f4 Kd6
17.c5 Kc6
18.Ne6xd8 Rf8xd8
19.Qg4xg7 Bc8e6
20.Ra1c1 Rd8f8
21.Qg7d4 Kd7
22.e4 c6
23.f5 Be6xf5
24.exf5 { resign }
1-0

[Event "Tourn. n10060"]
[Site "www.echecsemail.com"]
[Date "2019.04.08"]
[Round "1"]
[White "Cal"]
[Black "Ditto"]
[WhiteElo "1880"]
[BlackElo "1690"]
[Result "0-1"]
[Round "1"]
1.c4 e5
2.e4 Nb8c6
3.d3 Bf8c5
4.Ng1f3 d6
5.Bc1d2 Bc8g4
6.Bf1e2 Qd8f6
7.h3 Bg4d7
8.Nb1c3 Ng8e7
9.a3 Nc6d4
10.O-O O-O-O
11.b4 Nd4xf3
12.Be2xf3 Qf6g6
13.bxc5 Bd7xh3
14.Kh2 Bh3e6
15.Rf1h1 dxc5
16.Qd1e2 Qg6f6
17.Kg1 g5
18.Rh1h5 h6
19.a4 Rd8g8
20.Bf3g4 Be6xg4
21.Qe2xg4 Kb8
22.a5 Ne7c6
23.Nc3d5 Qf6d8
24.Qg4f5 Rg8f8
25.Qf5f3 Nc6d4
26.Qf3d1 f5
27.Ra1b1 fxe4
28.dxe4 Qd8d6
29.Qd1a4 Rf8f7
30.Bd2xg5 Qd6g6
31.Nd5f6 Rf7xf6
32.a6 Rf6xa6
33.Rh5h3 Ra6xa4
34.Bg5e7 Qg6xe4
35.Be7xc5 Qe4xb1
36.Kh2 Nd4e2
37.Bc5e7 Qb1g1
{ resign }
0-1

[Event "Tourn. n10090"]
[Site "www.echecsemail.com"]
[Date "2019.04.08"]
[Round "1"]
[White "Esperanza"]
[Black "Cal"]
[WhiteElo "1710"]
[BlackElo "1800"]
[Result "1-0"]
[Round "1"]
1.e4 e5
2.Ng1f3 d6
3.Bf1c4 h6
4.O-O Ng8f6
5.d3 Bc8g4
6.Nb1d2 c6
7.c3 Bf8e7
8.Rf1e1 Nb8d7
9.Nd2f1 b5
10.Bc4b3 O-O
11.h3 Bg4h5
12.Nf1g3 Bh5xf3
13.Qd1xf3 Nd7c5
14.Ng3f5 a5
15.Bc1xh6 g6
16.Nf5xe7 Qd8xe7
17.Bh6xf8 Ra8xf8
18.Qf3g3 Nf6h5
19.Qg3xg6 Nh5g7
20.Qg6g3 a4
21.Bb3c2 Qe7f6
22.Re1f1 Nc5e6
23.Qg3g4 Kh7
24.d4 Ne6f4
25.g3 Qf6h6
26.gxf4 Rf8g8
27.Kh2 Kh8
28.Rf1g1 exf4
29.Qg4g5 Qh6xg5
30.Rg1xg5 f6
31.Rg5g6 Rg8f8
32.Ra1g1 Rf8f7
33.h4 Kh7
34.e5 dxe5
35.Rg6xg7 { resign }
1-0